Statistiques concernant Palpatine le goat de la galaxie

Cliquez ici pour prendre le quiz!

Statistiques générales

  • Ce quiz a été pris 48 fois
  • Le résultat moyen est 6 sur 12

Statistiques - réponses

HintRéponse% Correct
Son troisième poulainDark Vador
93%
Son pseudo de sithDark Sidious
88%
Son premier poulainDark Maul
84%
Sa petite fille chérieRey
70%
Son deuxieme poulainDooku
58%
Son régime politique préféréEmpire
53%
Son accesoire vestimentaire feticheCapuche
44%
Son ordre préféré66
35%
Son pouvoirEclairs
23%
Son blaseSheev
23%
Son équivalent francaisJean-Luc Mélenchon
2%
Sa résidence principale (SW6)L'étoile de la mort
0%

Distribution des résultats

Percentile par nombre de réponses

% des personnes avec chaque résultat

Votre développement - résultats

Vous n’avez pas pris ce quiz